| 000 | 00772nam a22002417a 4500 | ||
|---|---|---|---|
| 005 | 20240814173959.0 | ||
| 008 | s1994 eng d | ||
| 020 | _a0195092597 | ||
| 041 | _aeng | ||
| 100 | 0 | _aHorwitz, Morton J. | |
| 245 | 1 | 0 | _aThe transformation of American law 1870-1960 : the crisis of legal orthodoxy |
| 260 | 3 |
_aOxford : _bOxford University Press, _c1994 |
|
| 300 |
_a361 p. ; _b 23 cm. |
||
| 650 | 0 | 4 | _aLaw -- United States |
| 650 | 0 | 4 | _aLaw -- United States -- Interpretation and construction |
| 650 | 0 | 4 | _aLaw -- United States -- Philosophy -- History |
| 650 | 0 | 4 | _aSociological jurisprudence -- History |
| 850 | _aNALT | ||
| 942 | _cLB | ||
| 997 | _c000000000021030 | ||
| 998 |
_aSOPAPORN _j25 _k นีลวัสน์ อินทรักษา |
||
| 999 |
_c21030 _d21030 |
||
| 090 | _aKC51.U6 H67T 1994 | ||